000 00555nam a2200193 a 4500
005 20240425063900.0
008 991125s1978 ag 000 0 spa u
035 _aUPN01000004524
049 _aCG
050 4 _aLB1715
_bH5.38 1978
100 1 _aHighet, Gilbert
245 1 3 _aEl arte de enseñar /
_cGilbert Highet ; tr. Josefina Valderrama de Robinson.
250 _a7a ed.
260 _aBuenos Aires :
_bPaidós,
_c1978.
300 _a238 p.
440 0 _aBiblioteca del educador contemporáneo ;
_v51
650 4 _aEnseñanza
_96215
905 _aLibro
999 _c4524
_d4524